00405nam a2200157Ia 4500008004100000041000800041082001100049100002700060245006500087250000800152260002300160300000800183542001500191551002700206650001400233220531s9999 xx 000 0 und d aeng a-bDAT aDate, S. G. And Others aEnvironmental And Green Chemistry, First Term (semester Iii) a1ST aPunebManalic2015 a124 d02-07-2015 aSciencebNon-grant-SCI aChemistry